00574nam a2200193 4500010001100000020001000011035001100021037001800032040001200050082001600062100001500078245008100093260004500174270004500219300002600264650004100290650003000331700001900361 a464829 c25.00 a464829 bCen Lib / Ret aDPLbEN a378.54bDAR aDar, S. L. aHistory of the Banaras Hindu University /cby S. L. Dar [and] S. Somaskandan aVaranasibBanaras Hindu University Press aBanaras Hindu University, bVaranasi e5 a864p b24cm(Hb)cill  aBanaras Hindu University -- History. aBanaras Hindu University. aS. Somaskandan